| 000 | 01085nmm a2200301 a 4500 | ||
|---|---|---|---|
| 001 | ocm0002015426 | ||
| 003 | TR-IsHL | ||
| 005 | 20201028175531.0 | ||
| 008 | 181029s2016 tu tur | ||
| 007 | cr cn | ||
| 020 | _a9786059148337 | ||
| 035 |
_a2015426 _b(N$T) |
||
| 050 | 0 | 4 |
_aPL66.9.G37 _bE3 2016 |
| 090 | 0 | 4 |
_aPL66.9.G37 _bE3 2016 |
| 100 | 1 | _aGaripov, Marsel | |
| 245 | 1 | 0 |
_aEbedî aşk: Abdullah Tukay ile Zeytüne Mevlüdova hikâyesi _h[electronic resource] / _cMarsel Garipov ; Tatar Türkçesinden Türkiye Türkçesine aktaranlar Çulpan Zaripova Çetin Hayati Yılmaz |
| 250 | _a1. Baskı | ||
| 260 |
_aAnkara : _bBengü Yayınları, _c2016 |
||
| 300 | _a104 p. | ||
| 650 | 4 | _aDil ve Edebiyat | |
| 650 | 4 | _aLanguage and Literature | |
| 650 | 0 | _aTatar edebiyatı | |
| 650 | 0 | _aTatar literature | |
| 650 | 7 |
_aLITERARY COLLECTIONS / Russian & Former Soviet Union _2bisacsh |
|
| 700 | 1 | _aZaripova, Çulpan | |
| 700 | 1 | _aYılmaz, Çetin Hayati | |
| 856 | 4 | 0 | _uhttp://search.ebscohost.com/login.aspx?direct=true&scope=site&db=e011xww&AN=2015426 |
| 999 |
_c18713 _d18713 |
||